Lego Lord of the Rings Characters Quiz Stats

Quiz Updated Nov 7, 2014

Also try: Meals For Hobbits
Challenge
Share
Tweet
Score 0/15 Timer 03:00
3 Plays Today
% Correct
Legolas
97.3%
Frodo
93.7%
Gollum
92%
Sam
92%
Gandalf
91.3%
Merry
86.7%
Gimli
85.5%
Aragorn
85.2%
% Correct
Pippin
84.3%
Boromir
81.3%
Orc
74.4%
Ringwraith
74.3%
Lord Elrond
57.9%
King Theoden
45.8%
Uruk-Hai
44.1%

You're not logged in!

Compare scores with friends on all Sporcle quizzes.
Sign Up with Email
OR
Log In

You Might Also Like...

Show Comments

Extras

Top Quizzes Today


Score Distribution

Your Account Isn't Verified!

In order to create a playlist on Sporcle, you need to verify the email address you used during registration. Go to your Sporcle Settings to finish the process.